The Legend of Zelda Twilight Princess - Statistiques

Statistiques générales
  • Ce quiz a été pris 618 fois
  • Le résultat moyen est 11 sur 24
Statistiques - réponses
Hint Réponse % Correct
Ville dans les nuages Celestia
80%
Elle se réfugie dans l'ombre de Link Midona
80%
Garçon blond fan de Link Colin
74%
L'usurpateur Xanto
68%
Permet de respirer sous l'eau Tenue Zora
56%
Amie d'enfance de Link Iria
55%
Collectionneuse d'insectes Machaon
53%
Première botte apprise Coup de grâce
51%
Offert par Bohdan après un cours de Sumo Bottes de fer
50%
Région du lac Hylia Lanelle
50%
Trésor de la Tour du Jugement Aérouage
46%
Utilisé pour contrôler les statues de hiboux Bâton Anima
45%
Bombe explosant sous l'eau Hydrobombe
45%
Région de départ Latouane
41%
Celui qui a vendu son âme Giovanni
33%
Prince Zora Lars
32%
Repère de la grande fée Caverne de l'Ordalie
31%
Réveillé avec une épée dans le crâne Humbaba
29%
Un jeune marchand en ascension Balder
27%
Repère d'un coq et d'une vingtaine de chats Village oublié
27%
Demeure des Yétis Ruines des pics blancs
24%
Le boss du temple du temps Golgohma
23%
Permet de tirer à l'arc avec précision Oeil du faucon
21%
Adversaire de Link sur le grand pont Roi Bulbin
13%
Aucun quiz correspondant
Distribution des résultats
% des personnes avec chaque résultat
Percentile par nombre de réponses
Votre historique - résultats
Vous n’avez pas pris ce quiz